000 00557nam a2200205Ia 4500
005 20230306104234.0
008 131103s9999 xx 000 0 und d
010 _a8173890080
040 _aLoreto College
041 _aEnglish
082 _a822.33
_bSHA-CHA
100 _aChatterjee,Visvanath
245 _aTen essays on Shakespeare
_cVisvanath Chatterjee
260 _aKolkata
_bBooklore
_c2006
300 _a142 p.
504 _aIncludes index and bibliographical references
650 _aEnglish - Shakespeare
850 _aLCLIB
942 _cBK
999 _c12689
_d63168